000 00713nam a2200217Ia 4500
008 191130s2000##################000#0#eng##
020 _a9780875849010
040 _aACL
_cACL
082 _a338.9 EMM
100 _aEmmons, Willis
245 _aThe evolving bargain : strategic implications of deregulation and privatization
_cWillis Emmons
260 _aBoston, MA
_bHarvard Business School
_c2000
300 _axii, 259 p. : ill. ; 24 cm
500 _aIncludes bibliographical references (p. 243-247) and index
650 _aDeregulation
650 _aIndustrial policy
650 _aPrivatization
990 _a8ffef4fcac10000c59e4be67ef934bff
991 _a202910
999 _c292941
_d292941